000 00275nam a2200109Ia 4500
008 220204s9999 xx 000 0 und d
082 _a598.2(038)
_bCAM
100 _aCampbell, Bruce
245 0 _aDictionary of birds in colour
260 _aLondon
_bPeerage
_c1974
942 _cBK
999 _c38207
_d38207